| 000 | 00808nam a2200205Ia 4500 | ||
|---|---|---|---|
| 003 | GCL | ||
| 008 | 140319s9999 xx 000 0 ara d | ||
| 040 |
_aGCL / _cGCL |
||
| 082 | 0 | 4 |
_a332.1 _bس إ |
| 100 | 1 | _aسلمان بوذياب | |
| 245 | 1 | 0 |
_aاقتصاديات النقود والبنوك دراسة فى النقود والبنوك قيمة النقود ونظرية الكمية المشاكل الاقتصادية المعاصرة / _cسلمان بوذياب |
| 250 | _aالاولى | ||
| 260 |
_aبيروت : _bالمؤسسة الجامعية للدراسات والنشر والتوزيع ، _c1996 |
||
| 300 |
_a246 ص ؛ _c24 سم |
||
| 490 | _a | ||
| 650 | 0 | 4 | _aالاقتصاد |
| 650 | 0 | 4 | _aالاوراق المالية |
| 650 | 0 | 4 | _aاقتصاديات المال |
| 942 |
_2ddc _cBK |
||
| 999 |
_c52332 _d52332 |
||